[Event "Corus-B"]
[Site "Wijk aan Zee"]
[Date "2005.01.30"]
[Round "13"]
[White "Onischuk, Alexander"]
[Black "Ramirez Alvarez, Alejandro"]
[Result "1-0"]
[WhiteElo "2652"]
[BlackElo "2507"]
[Annotator "Postny,E"]
[PlyCount "87"]
[EventDate "2005.01.15"]
[EventType "tourn"]
[EventRounds "13"]
[EventCountry "NED"]
[EventCategory "13"]
[SourceTitle "CBM 105"]
[Source "ChessBase"]
[SourceDate "2005.04.11"]
[SourceVersion "1"]
[SourceVersionDate "2005.04.11"]
[SourceQuality "1"]

1. d4 Nf6 2. Nf3 c5 3. d5 b5 {In this line black is trying to seize space on
the queenside at the very beginning.} 4. Bg5 d6 {Other theoretical
continuations are:} (4... Ne4 {1/2-1/2 Ehlvest,J-Van Wely,L/Liepaya 2004/CBM
103 [Postny,E] (27)}) (4... Qa5+ {1-0 Sakaev,K-Delchev,A/Ohrid 2001/CBM 84 
[Tsesarsky] (10)}) (4... Qb6 5. Bxf6 Qxf6 6. c3 Qb6 7. a4 b4 8. Nbd2 Ba6 9. e4
Bxf1 10. Kxf1 g6 11. g3 Bg7 12. Qc2 d6 13. Kg2 bxc3 14. bxc3 Nd7 15. Rhb1 Qa6
$11 {1/2-1/2 Rustemov,A-Tregubov,P/New Delhi/Teheran 2000/CBM 80 (29)}) 5. Bxf6
{Giving the bishop, but spoiling black's pawnstructure.} exf6 6. e4 {This is
the most principled continuation.} (6. e3 {1/2-1/2 Bacrot,E-Vaisser,A/
Marseille 2001/CBM 85 [Tsesarsky] (33)}) 6... a6 7. a4 {This move is necessary
for white to get control over c4 square.} b4 8. Bd3 (8. c3 {1-0 Hebden,
M-Hanley,C/Torquay 2002/CBM 91 [Rabinovich,Al] (40)}) 8... g6 9. Nbd2 Bg7 {
Black has a passive position, but he is hoping to make use of his pair of
bishops in the long run.} 10. Nc4 O-O (10... a5 11. O-O O-O 12. Nfd2 Bb7 13. g4
(13. Qg4 f5 14. exf5 Bxd5 $13 {1/2-1/2 Kozul,Z-Khalifman,A/Luzern 1997/CBM 62 
[Stohl] (34)}) 13... f5 14. gxf5 gxf5 15. Qh5 Qf6 16. Rae1 Nd7 17. e5 Nxe5 18.
Nxe5 dxe5 19. Bxf5 $14 {1/2-1/2 Cramling,P-Wippermann,T/Catalan Bay 2004/CBM
98 ext (54)}) 11. O-O Bb7 $1 {Eyeing the Pd5 and preparing f6-f5 thrust.} 12.
Qd2 (12. a5 f5 13. exf5 Bxd5 14. Nb6 Bxf3 15. Qxf3 Ra7 16. c3 bxc3 17. bxc3
Bxc3 18. Ra4 Be5 19. Rg4 Nd7 20. Bc4 Kg7 $17 {0-1 Pert,N-Ward,C/Hove 1997/EXT
99 (46)}) 12... f5 13. exf5 Bxd5 14. Be2 Bxc4 $6 {It's logical to get rid of
white's excellent knight, but after this exchange white gets total control
over the light squares.} ({Deserves serious attention:} 14... Bc6) 15. Bxc4 Nc6
{Black has to complete the development.} ({After} 15... Bxb2 $2 16. Rad1 {
black's position is nearly collapsing.}) 16. Rad1 ({After} 16. fxg6 hxg6 17.
Qd3 {[%csl Ra6,Rg6]} Ne7 18. Bxa6 d5 {black is fine.}) 16... Ne5 17. Nxe5 Bxe5
18. fxg6 hxg6 19. f4 $146 {In the previous game Ramirez defended successfully,
but Onischuk came well prepared...} (19. Qh6 Qf6 20. Rd3 Rad8 21. b3 a5 22. Bd5
Bd4 23. Rh3 Qg7 24. g3 Be5 25. Kg2 Bd4 26. Re1 Rde8 27. Rd1 {1/2-1/2 Moiseenko,
A-Ramirez Alvarez,A/Dallas 2004/CBM 105 (27)}) 19... Bd4+ $2 {After this
obvious check black is in trouble!} ({The critical line is:} 19... Bxb2 20. f5
({After} 20. Qxd6 Qxd6 (20... Bd4+ $2 21. Rxd4 cxd4 22. Qxg6+ Kh8 23. Qh6+ Kg8
24. Bd3 f5 25. Bc4+ $18) 21. Rxd6 Kg7 22. Bxa6 Rfd8 23. Rxd8 Rxd8 {black has
great chances for a draw.}) 20... Bd4+ 21. Kh1 Kg7 (21... d5 22. Qh6 $1 dxc4
23. Rxd4 $1 Qf6 24. Rd6 $1 Qg7 25. Qh4 $40) 22. fxg6 fxg6 23. Rxf8 Qxf8 24. Rf1
Bf6 25. Qd5 Ra7 26. Bxa6 Qe7 {and black holds.}) 20. Kh1 Kg7 (20... Bxb2 21. f5
$40 {Black has no more possibility of Bd4+.}) 21. c3 {Driving away black's
bishop from it's excellent place, while the white bishop will occupy the
dominant d5 square.} bxc3 22. bxc3 Bf6 23. g4 $1 {Starting the decisive attack
against the black king. It should be noted, that the presense of the opposite
colour bishops helps white a lot, since black is simply unable to cover light
squares.} Qa5 {[%csl Ra4,Rc3]} 24. Rf3 Qxa4 25. Bd5 Rab8 26. Rdf1 {The threat
g4-g5 followed by f4-f5 can not be parried in a satisfactory way. Black's
extra pawn has no significance at all.} Bd8 27. f5 Qxg4 28. f6+ Bxf6 (28... Kh7
29. Qe3 $18 {[%cal Rf3h3]}) 29. Rxf6 Rb1 {Trying to reduce white's attacking
potential.} 30. Rxf7+ Rxf7 31. Rxb1 Re7 32. c4 {White's position is totally
winning, the Bd5 is dominating the board.} Qf5 33. Rg1 Re5 34. Qg2 Qd3 35. Qf1
Qxf1 36. Rxf1 Re7 37. Ra1 Ra7 38. Ra5 $1 {The rest is easy.} Kf6 39. Kg2 Kg5
40. Kg3 Kf5 41. h4 g5 42. h5 g4 43. Kh4 Kf4 44. Ra1 1-0

[Event "Andorra op 18th"]
[Site "Andorra"]
[Date "2000.06.28"]
[Round "5"]
[White "Psakhis, Lev"]
[Black "Saravanan, Venkat"]
[Result "1-0"]
[WhiteElo "2599"]
[BlackElo "2412"]
[Annotator "Psakhis,L"]
[PlyCount "45"]
[EventDate "2000.06.24"]
[EventType "swiss"]
[EventRounds "9"]
[EventCountry "AND"]
[SourceTitle "CBM 076 Extra"]
[Source "ChessBase"]
[SourceDate "2000.07.11"]
[SourceVersion "1"]
[SourceVersionDate "2000.07.11"]
[SourceQuality "1"]

1. d4 g6 2. c4 Bg7 3. e4 c5 4. d5 d6 5. Nc3 e6 6. Nf3 Ne7 7. h3 (7. Be2 exd5 8.
exd5 O-O 9. O-O a6 10. Re1 Nd7 11. Bf4 Nf6 12. Qd2 Nf5 13. Bd3 Bd7 14. Bxf5
Bxf5 15. Bh6 Rb8 16. Bxg7 Kxg7 17. Nh4 Bc8 18. Re2 b5 19. cxb5 axb5 20. Rc1 b4
21. Ne4 Nxe4 {Crafty-Dzindzihashvili,R/Internet 1995/0-1 (67)}) 7... O-O 8. Bd3
exd5 (8... a6 9. a4 exd5 10. exd5 h6 11. O-O Bf5 12. Re1 Bxd3 13. Qxd3 Nd7 14.
Bf4 Nf6 15. Rab1 a5 16. Nb5 Nc8 17. Re2 Re8 18. Rbe1 Rxe2 19. Rxe2 Bf8 20. Nd2
Na7 21. Nc3 Qd7 22. Nde4 Ne8 23. g4 {Ibragimov,I-Saravanan,V/Guntur 2000/The
Week in Chess 284/1-0 (39)}) 9. cxd5 (9. exd5 Nd7 10. O-O Ne5 11. Nxe5 Bxe5 12.
Bg5 f6 13. Be3 g5 14. Qc2 Rf7 15. f4 gxf4 16. Bxf4 f5 17. Bxe5 dxe5 18. Rae1
Qd6 {0-1 Prakash,G-Saravanan,V/IND-ch 2000 (39)}) 9... Nd7 $146 (9... a6 10. a4
f5 11. O-O h6 12. Re1 Nd7 13. Bf4 fxe4 14. Bxd6 Rxf3 15. Bxe7 Qxe7 16. Qxf3
exf3 17. Rxe7 Ne5 18. Re1 Nxd3 19. Re8+ Bf8 20. R1e7 Nf4 21. d6 Ne2+ 22. Kh2 b5
{1-0 Novikov,I-Radziewicz,I/Koszalin op-A 1999 (22)}) 10. O-O Ne5 11. Nxe5 Bxe5
12. Bh6 Bg7 13. Qd2 $14 Bd7 14. Bxg7 Kxg7 15. f4 {[%cal Ge4e5,Gf4f5]} Qa5 (
15... f5 16. e5) 16. e5 $5 (16. f5 f6 $5 (16... Ng8)) 16... dxe5 $6 (16... Nxd5
$1 17. f5 (17. exd6 $142 $5 $36) 17... Nxc3 $1 (17... dxe5 18. f6+ $1 Nxf6 (
18... Kh8 19. Qh6 Rg8 20. Ne4 $18) 19. Rxf6 Rad8 20. Qg5 $40 {[%csl Rg7]}) 18.
bxc3 (18. f6+ Kh8 19. Qh6 $6 Rg8 20. Rf4 Ne2+ $1 21. Bxe2 Qd2) 18... c4 $1 19.
f6+ Kh8 20. Bxc4 (20. Qh6 Rg8 21. Rf4 Qc5+ 22. Kh1 Qe3 $1) 20... Qc5+ 21. Kh1
dxe5 (21... Qxc4 22. Qh6 Rg8 23. Rf4) 22. Qh6 Rg8 23. Bxf7 Qf8) 17. fxe5 Nxd5
18. Bc4 $1 Nb6 (18... Nxc3 19. Qxd7 {[%cal Rf1f7,Rd7f7]}) 19. Bxf7 $1 Rxf7 (
19... Bb5 20. Qf4 Bxf1 21. Qf6+ Kh6 22. Rxf1 {[%csl Ge5]} Nd7 $8 23. Qf4+ (23.
Qd6 Qd8 24. e6 Nb6 25. Qxc5 $16) 23... Kg7 24. e6 Qb4 $1 25. Ne4 $40) 20. Rxf7+
Kxf7 21. Qh6 $1 Bf5 (21... Kg8 22. Ne4 Qb4 23. Ng5 Qd4+ 24. Kh1 {[%cal Ra1f1]}
Qf4 (24... Qf2 25. e6 Bc6 26. Qxh7+ Kf8 27. Nf3 $1 $18) 25. Rd1 $1 Qf5 26. Kg1
$18 {[%cal Rd1f1]}) (21... Ke8 22. Qxh7 c4 (22... Kd8 23. e6 Bxe6 24. Qh8+ Ke7
25. Qg7+ Kd8 (25... Kd6 26. Rd1+ Kc6 27. Qe7 $18) 26. Qf6+ $18) 23. Qxg6+ Kd8
24. Qf6+ (24. e6 $6 Qc5+ 25. Kh1 Be8) 24... Ke8 (24... Kc8 25. Qf8+ Kc7 26.
Qd6+ Kc8 27. Rf1) 25. Ne4 $18) 22. Qxh7+ Ke8 (22... Kf8 23. e6 $1 Bxe6 24. Rf1+
Ke8 25. Re1) (22... Ke6 23. Rd1 Re8 (23... Kxe5 24. Qe7+ Be6 25. Re1+ $18) 24.
Qg7) 23. e6 (23. e6 Bxe6 24. Re1 Kd8 25. Rxe6 $18) 1-0

[Event "Rohde op 06th"]
[Site "Sautron"]
[Date "2006.10.30"]
[Round "4"]
[White "Chatalbashev, Boris"]
[Black "Bergez, Luc"]
[Result "0-1"]
[WhiteElo "2534"]
[BlackElo "2395"]
[Annotator "RR"]
[PlyCount "122"]
[EventDate "2006.10.28"]
[EventType "swiss"]
[EventRounds "9"]
[EventCountry "FRA"]
[SourceTitle "EXT 2007"]
[Source "ChessBase"]
[SourceDate "2006.11.23"]
[SourceVersion "1"]
[SourceVersionDate "2006.11.23"]
[SourceQuality "1"]

1. d4 {Boris avait pris froid la veille et il n'était pas trés en forme ce
lundi.} c5 2. d5 e6 3. c4 exd5 4. cxd5 d6 5. Nc3 Be7 {Le français aime les
lignes secondaires et il choisit d'affronter le GMI avec une vieille Benoni
plutôt qu'avec la Benoni moderne. Au surplus, le GMI joue lui même la Benoni} (
5... Nf6) 6. e4 (6. Nf3 Bf6 7. Bf4 Bxc3+ $5 {Une conception assez étonnante
mais douteuse, les noirs ne craignent pas un net retard de développement} 8.
bxc3 Nf6 {Chatalbashev,B (2522)-Jurkovic,A (2326) Nova Gorica op 5th 2000 (3)
1/2}) 6... Bf6 7. Bd3 Ne7 8. Nge2 a6 {[%cal Gb7b5]} (8... Ng6 9. Ng3 {[%csl
Gf5,Gh5]}) 9. a4 Ng6 10. O-O O-O 11. Ng3 Nd7 ({RR} 11... b6 12. Bd2 Re8 13. Rb1
Qc7 14. Qc2 Nd7 15. b3 Rb8 16. f4 Ndf8 17. Kh1 Bh4 18. Nf5 Bf6 19. Ne3 Bxc3 20.
Bxc3 b5 21. axb5 axb5 22. Qf2 Nd7 23. Nf5 f6 24. Ra1 b4 25. Bb2 Nb6 26. Ne3 {
Novikov,I (2570)-Meulders,R (2300)/Antwerp 1994/EXT 98/1-0 (34)}) 12. Be3 $146
(12. f4 Rb8 (12... Bd4+ $5) 13. Kh1 {Halkias,S (2330)-Vidovic,S EU-ch U16
Rimavska Sobota (3) 1-0}) 12... Re8 13. Kh1 Rb8 14. f4 Qc7 15. Nh5 (15. Qc2 c4
16. Be2 b5 (16... Nc5 17. Bxc4 Bd7) 17. axb5 axb5) 15... c4 {[%csl Re4][%cal
Oc4d3,Cf4f5,Cf5g6,Gd7c5]} 16. Bc2 b5 17. axb5 axb5 18. Ra7 (18. e5 $142 $1 {
[%cal Oh5f6,Gc3e4] la manoeuvre classique de sacrifice de dégagement} dxe5 19.
Ne4 $36 exf4 20. Nhxf6+ Nxf6 21. Nxf6+ gxf6 22. Bxf4 $1 {Peut-être oublié par
le GMI} Nxf4 23. d6 Qc5 24. Rxf4 $40) 18... Qd8 19. e5 dxe5 20. f5 {Un autre
théme du sacrifice de dégagement mais moins fort qu'au 18ème coup} Nf4 21. Ne4
(21. Nxf4 exf4 22. Bxf4 Ne5 23. Qh5 {[%csl Rf7][%cal Cg7g6,Cg6h5,Gf4e5]} (23.
Ne4 Bxf5)) 21... Be7 22. Nxf4 exf4 23. Bxf4 Rb7 24. Ra6 (24. Ra1) 24... Nc5 (
24... Nf6) 25. f6 Nxe4 (25... Nxa6 26. fxe7) 26. fxe7 Rbxe7 $17 27. Ra1 Bb7 (
27... Qb6 {[%cal Ob6f2,Cd5d6,Cd6e7,Ge4f2]}) 28. d6 Rd7 (28... Nxd6 $3 29. Bxd6
Re2 {[%csl Rg2]} 30. Rg1 Qc8 {[%cal Gc8h3]} 31. Bg3 Qh3 $1) 29. Qg4 Re6 30.
Bxe4 Bxe4 31. Bg5 Qe8 32. Bf6 Rxf6 (32... Qf8 {[%cal Od7d6,Gf8g7,Gf8d6]}) 33.
Rxf6 h5 34. Qg5 $2 $138 (34. Qg3) 34... Qd8 $1 {[%csl Rg5][%cal Cg5e5,Ce5e4,
Gd8f6]} 35. Qe5 gxf6 (35... Qxf6 36. Qe8+ Kh7 37. Qxd7 Bxg2+ 38. Kxg2 Qxb2+ 39.
Kg3 Qxa1 $19) 36. Qxe4 Rxd6 37. Qf3 Rd5 38. h3 Qd6 39. Rf1 Kg7 $19 40. Re1 Rd2
41. b3 Qd5 42. bxc4 Qxf3 43. gxf3 bxc4 44. Rc1 Rd4 45. Kg2 Kg6 46. Kf2 Kf5 47.
Ke3 Ke5 48. Ra1 Rd3+ 49. Ke2 Kd4 50. Ra7 Re3+ 51. Kf2 Re5 52. f4 Rc5 53. Ke2
Rf5 54. Rd7+ Kc3 55. Ke3 Kc2 56. Rxf7 c3 57. Ke4 Rc5 58. Rxf6 Kd1 59. Rd6+ Ke2
60. Re6 c2 61. Kd4+ Kf2 {[%mdl 512]} 0-1

[Event "Vaujany op 5th"]
[Site "Vaujany"]
[Date "2014.07.12"]
[Round "3.6"]
[White "Riff, Vincent"]
[Black "Horvath, Jozsef"]
[Result "1-0"]
[WhiteElo "2358"]
[BlackElo "2509"]
[Annotator "RR"]
[PlyCount "89"]
[EventDate "2014.07.10"]
[EventType "swiss"]
[EventRounds "9"]
[EventCountry "FRA"]
[SourceTitle "EXT 2017"]
[Source "ChessBase"]
[SourceDate "2016.10.25"]
[SourceVersion "1"]
[SourceVersionDate "2016.10.25"]
[SourceQuality "1"]

1. e4 g6 2. d4 Bg7 3. Nf3 d6 4. Nc3 Nf6 5. Be2 O-O 6. O-O c5 (6... c6) (6...
Bg4) 7. d5 $1 Na6 8. Nd2 (8. Bf4 Nc7 9. a4 (9. Re1)) 8... Rb8 (8... Nc7 9. a4
b6 10. Nc4 Ba6 11. Bf4 Bxc4 12. Bxc4 a6 13. Qe2 Nd7 14. Ra3 Qc8 15. Rb3 Rb8 16.
Nb1 Ne5 17. Na3 Re8 18. Bxe5 Bxe5 19. f4 Bg7 20. f5 Qd7 21. Bxa6 Qxa4 22. Bd3
Qd4+ 23. Kh1 gxf5 24. Rxf5 e6 25. dxe6 fxe6 26. Rf1 d5 27. exd5 Rf8 28. Rd1 Qh4
29. d6 Rf2 30. dxc7 {1-0 (30) Carlsen,M (2570)-Cheparinov,I (2618)
Khanty-Mansiysk 2005}) 9. Re1 Nc7 {[%cal Gb7b5]} 10. a4 a6 11. a5 Bd7 12. Bf1
$146 (12. h3 Bb5 13. Nc4 Nd7 14. Bg5 h6 15. Bf4 Bxc4 16. Bxc4 b5 17. axb6 Rxb6
18. Qc1 Kh7 19. Bg3 Qb8 20. Ra2 Rb4 21. Bf1 Qb7 22. Nd1 Ra8 23. c3 Rb3 24. Ne3
a5 25. Nc4 a4 26. Qa1 Qa7 27. Bd3 Rb7 28. h4 h5 29. Qd1 Nb6 30. Nd2 Kg8 31. Bf4
Ne8 32. Bg5 Nd7 33. Bc2 Qb8 34. Qa1 Ne5 35. Bf4 Rba7 36. Bxe5 Bxe5 37. Nc4 Bf6
38. g3 Qb5 39. Na3 Qa6 40. Qd1 Nc7 41. Bd3 Qc8 {Mkrtchian,L (2413)-Galstian,B 
(2271) Yerevan 2003 0-1 (62)}) 12... Bb5 $1 13. Na4 Bxa4 14. Rxa4 e6 15. dxe6
fxe6 16. Nf3 {[%cal Ge4e5]} (16. e5 $5 dxe5 17. Nf3 e4 18. Qxd8 Rfxd8 19. Ng5
$16) 16... Ng4 17. c3 Kh8 18. Bg5 Qe8 19. Ra1 (19. Qb3) 19... Qd7 20. h3 Ne5
21. Nxe5 Bxe5 22. Qd2 Rf7 23. Be3 Qc6 (23... Rbf8) 24. g3 Qxe4 $6 (24... Rbf8 {
Plus souple}) 25. Bg2 {[%csl Rb7,Ge3,Gg2] Le GMI commence à avoir beaucoup de
faiblesses} Qc4 26. f4 Bg7 27. Qxd6 Bf8 28. Qe5+ Kg8 29. Rad1 Qb5 30. Rd2 Qxa5
31. Red1 $36 {Les pièces Noires sont mal coordonnées} Qb5 32. Rd8 Rxd8 33.
Rxd8 c4 $2 (33... Nd5) 34. Bc5 (34. Qd6 $18 {[%csl Rc7][%cal Gd8f8]}) 34... Ne8
35. Bd4 Qxe5 36. Bxe5 Nf6 37. Bf3 b5 38. Ra8 g5 (38... Nd5) 39. Rxa6 gxf4 40.
Rxe6 Re7 41. Rxe7 Bxe7 42. Bc6 fxg3 43. Bxb5 Ne4 44. Bxc4+ Kf8 45. Bd3 1-0

[Event "Rohde op 06th"]
[Site "Sautron"]
[Date "2006.10.29"]
[Round "2"]
[White "Potkin, Vladimir"]
[Black "Bergez, Luc"]
[Result "1/2-1/2"]
[WhiteElo "2580"]
[BlackElo "2395"]
[Annotator "RR"]
[PlyCount "62"]
[EventDate "2006.10.28"]
[EventType "swiss"]
[EventRounds "9"]
[EventCountry "FRA"]
[SourceTitle "EXT 2007"]
[Source "ChessBase"]
[SourceDate "2006.11.23"]
[SourceVersion "1"]
[SourceVersionDate "2006.11.23"]
[SourceQuality "1"]

1. d4 c5 2. d5 e6 3. e4 $1 {le français a plusieurs joué cette défense assez
douteuse et le GMI s'est bien préparé} (3. c4 $143 {Komarov,D (2568)-Bergez,L 
(2424) FRA-chT 9900 1999 (8.2) 1-0}) (3. Nc3 $5 exd5 4. Nxd5 (4. Qxd5 $2 Nf6 {
[%cal Gf6d5];Large,L (2231)-Bergez,L (2424) Syre mem op 23th 2000 (2) 0-1})
4... Ne7 5. e4 Nxd5 6. Qxd5 d6 {Solozhenkin,E (2528)-Bergez,L (2424) Syre mem
op 23rd 2000 (4) 0-1}) 3... Nf6 4. dxe6 dxe6 5. Qxd8+ Kxd8 6. Nc3 $1 a6 7. Nf3
$146 ({RR} 7. Bg5 {[%cal Ge4e5,Gg5d8]} Be7 8. O-O-O+ Nfd7 9. Be3 Nc6 10. f4 Kc7
11. Nf3 b5 12. e5 Bb7 13. Be2 Rad8 14. h4 h6 15. Rhg1 Nb6 16. g4 Nd5 17. Nxd5+
exd5 18. f5 d4 19. Bf4 Kb6 20. g5 Nb4 21. gxh6 gxh6 {Alzate Londono,W-Beltran,
C (2294)/Medellin 2001/EXT 2002/1-0 (35)}) 7... b5 8. Bf4 {[%csl Gc7][%cal
Ge1c1,Gd1d8]} Bb7 9. O-O-O+ Ke8 10. Nd2 c4 11. f3 Nbd7 (11... b4 12. Ne2 c3 13.
bxc3 bxc3 14. Nxc3 Ba3+) 12. Be2 Nh5 13. Be3 $16 Bc5 14. Nf1 Bxe3+ 15. Nxe3 Ke7
16. Rd4 (16. Rd2 Nf4 17. g3 Nxe2+ 18. Nxe2 Rhd8 19. Rhd1) 16... Nf4 17. Rhd1
Nxe2+ 18. Nxe2 Rhd8 19. b3 cxb3 20. cxb3 Ne5 21. Rxd8 {dernier coup saisi sur
le bulletin} Rxd8 22. Rxd8 Kxd8 23. Kd2 Ke7 24. b4 (24. Kc3) 24... g5 25. Nd4
Kd6 26. Nb3 Bc8 27. Kc3 f5 28. Nc5 f4 29. Ng4 Nxg4 30. fxg4 e5 31. h3 Be6
1/2-1/2

[Event "BCF-ch 89th"]
[Site "Torquay"]
[Date "2002.08.05"]
[Round "7"]
[White "Hebden, Mark"]
[Black "Hanley, Craig"]
[Result "1-0"]
[WhiteElo "2534"]
[BlackElo "2331"]
[Annotator "Rabinovich,Al"]
[PlyCount "79"]
[EventDate "2002.07.29"]
[EventType "swiss"]
[EventRounds "11"]
[EventCountry "ENG"]
[SourceTitle "CBM 091"]
[Source "ChessBase"]
[SourceDate "2002.11.12"]
[SourceVersion "1"]
[SourceVersionDate "2002.11.12"]
[SourceQuality "1"]

1. d4 Nf6 2. Nf3 c5 3. d5 b5 $5 4. Bg5 {The best reply nowdays.} d6 (4... Ne4
$5 5. Bh4 Bb7 6. Qd3 f5 7. Nbd2 Na6 8. c3 c4 9. Qd4 Nxd2 10. Nxd2 Qb6 11. Qe5
Nc5 12. Qxf5 Qg6 13. Qxg6+ hxg6 14. Bg5 Bxd5 15. f3 e5 16. e4 Bc6 17. Be2 Be7 {
1/2-1/2 Huebner,R-Topalov,V/Istanbul 2000/EXT 2001 (17)}) (4... Qb6 {For a
long time this move was a cure for 4.Bg5 but lately white found some ways for
advantage.} 5. Bxf6 Qxf6 6. c3 Qb6 7. a4 b4 8. Nbd2 Ba6 9. e4 Bxf1 10. Kxf1 g6
11. g3 Bg7 12. Qc2 $14 {1/2-1/2 Rustemov,A-Tregubov,P/New Delhi/Theran 2000/
CBM 80 (29)}) 5. Bxf6 exf6 6. e4 (6. e3 $6 a6 7. a4 b4 8. Nbd2 g6 9. a5 Bg7 10.
Nc4 f5 11. Be2 O-O 12. O-O Qe7 13. Qd3 Bd7 14. c3 bxc3 15. bxc3 Bb5 $11 {
1/2-1/2 Georgiev,K-Baklan,V/Cappelle la Grande 1997/CBM 57 ext (33)}) 6... a6
7. a4 b4 {This the main crossroad in this line.White has a nice square for
knight on c4,butit is not enough.White should place his pieces the best way so
black won't be able to attack the center f5 and also to prevent opening of the
h8-a1 diagonal.} 8. c3 {Rare move.May be 8.Bd3 is better.} (8. Bd3 g6 9. Nbd2
Bg7 10. O-O O-O 11. Nc4 a5 12. Nfd2 (12. c3 Ba6 13. Ne3 Bc8 {The fight for
c4-square.} 14. Nc4 Ba6 15. Ne3 Bc8 16. Nd2 Nd7 17. Nec4 Ne5 18. Nxe5 fxe5 19.
cxb4 cxb4 20. Nc4 Bh6 21. Qe2 {1/2-1/2 Gelfand,B-Leko,P/Groningen 1996/CBM 57 
(21)}) 12... Qc7 13. f4 Nd7 14. Qe1 Ba6 15. Qh4 Rfe8 16. f5 $40 {1-0 Kasparov,
G-Graf,A/Geneve 1996/CBM 54 ext (48)}) (8. Nbd2 g6 (8... f5 9. exf5 Bxf5 10. a5
Ra7 11. Be2 g6 12. O-O Bg7 13. Nc4 O-O 14. Re1 Re7 15. Bf1 Rxe1 16. Nxe1 Qc7
17. Qe2 Rd8 18. Nf3 $14 {[%csl Ra6,Rb8][%cal Ga1e1] 1/2-1/2 Huebner,R-Lobron,E/
Dortmund 1996/CBM 54 (44)}) 9. Nc4 a5 10. Be2 Bg7 11. O-O O-O 12. Nfd2 Ra7 13.
Bd3 Bb7 14. Qg4 f5 15. exf5 Bxd5 16. Rad1 {1/2-1/2 Komarov,D-Khalifman,A/St
Petersburg 1997/CBM 59 (16)}) 8... f5 $5 (8... bxc3 9. bxc3 (9. Nxc3 f5 $132)
9... Qe7 $2 10. Bd3 f5 11. O-O fxe4 12. Re1 $36 {0-1 Fernandes,A-Bellon Lopez,
J/Elgoibar 1998/CBM 69 (46)} (12. Bxe4 $5 $16 {[%cal Gf1e1]})) 9. e5 $5 {
The best reply.} (9. exf5 Bxf5 $132 {[%cal Gf8e7,Ge7f6]}) 9... dxe5 10. Nxe5
Be7 11. Be2 $14 {[%csl Gd5][%cal Ge2f3,Gb1d2,Gd2c4] White got a better
position.Strong pawn in the center and a lot of space for the pieces in the
center.} Bf6 (11... O-O 12. O-O Bf6 13. Nc4 a5 14. Qc2 {[%csl Rf5][%cal Gf1d1]
With very pleasant and easy game for white.}) 12. Nc4 O-O 13. O-O a5 $5 {
Almost forced.Otherways white will play a5 by himself and black Qside will be
weak as well.} (13... Re8 14. a5 $16 {[%csl Ra6,Rb6,Rc5][%cal Ge2f3,Gd1c2,
Gb1d2,Gd2b3,Gb3c5]}) 14. Qd3 (14. Qc2 $1 Re8 15. Bf3 $16 {[%cal Gb1d2,Gd2b3,
Gb3c5,Gb3a5]}) 14... Re8 15. Nbd2 Ba6 (15... bxc3 $6 {Very dangerous for black.
} 16. bxc3 Bxc3 17. Qxc3 Rxe2 18. Rfe1 Rxe1+ 19. Rxe1 $36 {[%cal Gc4d6,Ge1e8]
[%mdl 2112]}) 16. Rfe1 Nd7 {Finally black finished development.} 17. Qg3 $6 (
17. Qc2 $14 {[%csl Rf5][%cal Ga1d1]}) 17... f4 $6 {It is not the best decision.
The pawn on f4 will be weak.Opening up the game with 17...Ne5 was much more
logical and better.} (17... Ne5 $1 {[%cal Gd8d5]} 18. Nxe5 Bxe5 19. Qf3 bxc3
20. bxc3 Bxe2 (20... Bxc3 $5 $15) 21. Rxe2 {[%csl Rf5][%cal Gd2c4,Ga1e1]}) 18.
Qf3 g5 (18... Bb7 $5 19. Rad1 bxc3 20. bxc3 $16 {[%cal Gd2e4]}) 19. Bf1 $5 {
From now on the weaknesses on Kside and strong dP leave black no counterplay.}
Bg7 20. Rxe8+ Qxe8 21. d6 $14 {[%csl Rf4,Rg5][%mdl 16] /+/-} (21. Ne4 $5 {
[%cal Ge4g5,Gc4d6]} Bxc4 22. Bxc4 Ne5 23. Qe2 g4 24. Bb5 $16 {[%cal Gd5d7]})
21... Bxc4 $6 (21... Ra7 $5 {[%cal Ga7d7]}) 22. Nxc4 bxc3 {Was better to keep
the b-file closed.} (22... Ne5 $2 23. Nxe5 Bxe5 24. d7 Qb8 25. Re1 f6 $8 26.
Qd5+ Kg7 27. Rd1 $18) 23. bxc3 Nf6 24. Rd1 (24. Bd3 Rd8 25. h4 h6 26. hxg5 hxg5
27. Bf5 {And black is in some kind of zugzwang.}) 24... Rd8 (24... Rb8 $142 25.
Nxa5 $5 Qxa4 26. Nc6 g4 27. Ne7+ Kh8 28. Qe2 Rd8 $16 {[%csl Rf1][%cal Gf6e4]})
25. Nxa5 Qxa4 26. Nb7 Rc8 $8 27. Rb1 $5 {[%cal Gf1b5,Gd6d7]} c4 (27... g4 28.
Qe2 Qd7 29. Qe5 $18 {[%cal Ge5f4,Gb7c5]}) 28. g3 $1 {Good profylactic move.}
fxg3 (28... Qd7 $142 29. Bg2 $16 (29. gxf4 $6 g4 30. Qg2 (30. Qe2 $6 Nd5 $132 {
[%cal Gd5c3,Gd5f4]}) 30... Bh6 $14)) 29. hxg3 {[%cal Gf1h3]} g4 30. Qe3 (30.
Qf5 $5) 30... Nd7 (30... Nd5 $2 31. Qd2 $1 Nxc3 32. d7 Rf8 33. d8=Q Nxb1 34.
Qd1 $18) 31. Bg2 {Basicly it is hard to hold black position,since there is no
answer for d6P and opposite coloured bishops are just in white's favour.} Qc2
32. Be4 Qa2 33. Rb5 (33. Bf5 $1 Rb8 34. Qe7 $18) 33... Qa1+ 34. Kg2 Re8 35. Nc5
$6 {Slow.} (35. Qf4 $1 {[%cal Ge4d5,Ge4h7]} Ne5 (35... Qd1 36. Bd5 Bf6 37. Qxc4
$18) 36. Rxe5 Bxe5 37. d7 $18) 35... Nxc5 (35... Qa7 $5 36. Bxh7+ Kxh7 37. Qxe8
Nxc5 38. Qc8 Ne6 39. d7 Bf6 40. Rh5+ Kg6 41. Rd5 $18 {[%csl Rg6][%cal Gd7d8,
Gc8c4,Gc4g4]}) 36. Qxc5 $1 {The quickest.} (36. Rxc5 $6 Qd1 37. Bc2 $1 Rxe3 38.
Bxd1 Rd3 $14 {/+/-}) 36... Qxc3 $2 {Loosing by force.} (36... Bf6 $142) 37. d7
Rd8 38. Qe7 Qf6 (38... Bf6 39. Rg5+ Kh8 (39... Bxg5 40. Qxg5+ Kf8 41. Qxd8+ Kg7
42. Qg5+ Kf8 43. d8=R#) 40. Qe8+ Rxe8 41. dxe8=R#) 39. Qe8+ Bf8 40. Rb8 1-0